LEADER 01210nam--2200373---4500 001 990000912960203316 005 20100709085028.0 010 $a88-14-00713-6 035 $a0091296 035 $aUSA010091296 035 $a(ALEPH)000091296USA01 035 $a0091296 100 $a20020128d1985----km-y0ENGy0103----ba 101 $aita 102 $aIT 200 1 $a<> incesto multiforme$eper una teoria sulla genesi del "disturbo psichico"$fRoberto Perotti 210 $aMilano$cGiuffrè$d1985 215 $aXV, 114 p.$d24 cm 225 2 $aPsicologia sociale e clinica della devianza$v14 410 $12001$aPsicologia sociale e clinica della devianza$v14 606 $aIncesto$xAspetti psicologici 676 $a306.877 700 1$aPEROTTI,$bRoberto$0128394 801 0$aIT$bsalbc$gISBD 912 $a990000912960203316 951 $aXXVI.1. Coll. 25/ 4 (COLL GAG 14)$b4427 G$cXXVI.1. Coll. 25/ 4 (COLL GAG)$d00273395 959 $aBK 969 $aGIU 979 $aPATTY$b90$c20020128$lUSA01$h1325 979 $c20020403$lUSA01$h1735 979 $aPATRY$b90$c20040406$lUSA01$h1703 979 $aRSIAV4$b90$c20100709$lUSA01$h0850 996 $aIncesto multiforme$9733132 997 $aUNISA LEADER 01920nam0-2200385---450 001 990009839930403321 005 20190711105749.0 010 $a9788890143311 035 $a000983993 035 $aFED01000983993 035 $a(Aleph)000983993FED01 035 $a000983993 100 $a20140319d2009----km-y0itay50------ba 101 0 $aita 102 $aIT 105 $aa-------001yy 200 1 $aCultura e tecnica enologica$emanuale teorico pratico di enologia, chimica, costruzione, legislazione, meccanica e microbiologia enologica$fNicola Trapani 210 $aMarsala$cEnovitis editrice$d2009 215 $a3 v.$d30 cm 327 1 $a1.: Vinificazione: 1. parte. L'uva e la sua maturazione, impiantistica enologica, composizione del mosto, biochimica delle fermentazioni, microbiologia enologica$a2.: Vinificazione. 2. parte. Anidride solfosa, correzione e conservazione dei mosti, sorveglianza e controllo delle vinificazioni, sistemi di vinificazione, componenti dei vini, legislazione, controlli analitici$a3.: Stabilizzazione, imbottigliamento, vini speciali : travasi, colmature, correzioni dei vini, chiarificazione, filtrazione, centrifugazione, pastorizzazione, refrigerazione, alterazioni dei vini, sottoprodotti della vinificazione, invecchiamento, imbottigliamento, vini spumanti, frizzanti, liquorosi, aromazzati 610 0 $aEnologia 676 $a663.2$v22$zita 700 1$aTrapani,$bNicola$0354642 801 0$aIT$bUNINA$gREICAT$2UNIMARC 901 $aBK 912 $a990009839930403321 952 $a60 663.2 TRAN 2009-1 BIS$b14429$fFAGBC 952 $a60 663.2 TRAN 2009-2 BIS$b14432$fFAGBC 952 $a60 663.2 TRAN 2009-3 BIS$b14434$fFAGBC 952 $a60 663.2 TRAN 2009-1$b14430$fFAGBC 952 $a60 663.2 TRAN 2009-2$b14431$fFAGBC 952 $a60 663.2 TRAN 2009-3$b14433$fFAGBC 959 $aFAGBC 996 $aCultura e tecnica enologica$993444 997 $aUNINA LEADER 01405nam 2200385 n 450 001 996385025103316 005 20221108085623.0 035 $a(CKB)4940000000066896 035 $a(EEBO)2240928286 035 $a(UnM)99836108 035 $a(EXLCZ)994940000000066896 100 $a19900827d1608 uy | 101 0 $aeng 135 $aurbn||||a|bb| 200 14$aThe burthen of a loaden conscience: or the miserie of sinne$b[electronic resource] $eset forth by the confession of a miserable sinner 210 $a[Cambridge] $cPrinted by Cantrell Legge, printer to the Vniversitie of Cambridge$d1608 215 $a[6], 98 p 300 $aBy Richard Kilby. 300 $aPrinter's device (McKerrow 264) on title page. 300 $aSome print faded and show-through; some pages cropped, stained, tightly bound and underlined, with loss of print. 300 $aReproduction of the original in the British Library. 330 $aeebo-0018 606 $aSin$vEarly works to 1800 606 $aConscience, Examination of$vEarly works to 1800 615 0$aSin 615 0$aConscience, Examination of 700 $aKilby$b Richard$fd. 1617.$01006882 801 0$bCu-RivES 801 1$bCu-RivES 801 2$bCStRLIN 801 2$bWaOLN 906 $aBOOK 912 $a996385025103316 996 $aThe burthen of a loaden conscience: or The miserie of sinne$92321206 997 $aUNISA